The New Physics
Saved in:
| Other Authors: | |
|---|---|
| Format: | Book |
| Language: | English |
| Published: |
Cambridge :
Cambridge University Press,
1993.
|
| Subjects: | |
| Tags: |
Add Tag
No Tags, Be the first to tag this record!
|
MARC
| LEADER | 00000cam a2200000 i 4500 | ||
|---|---|---|---|
| 001 | 1/39800 | ||
| 008 | 950207s1993####enk| ||| |||| ||eng|| | ||
| 020 | |a 0521438314 | ||
| 035 | |a 1994 |c ΒΙΒΛΙΟΘΗΚΗ |l 10041097 | ||
| 040 | |a GR-MyUA |b gre |e AACR2 | ||
| 041 | 0 | |a eng | |
| 082 | 0 | |a 530 | |
| 245 | 1 | 4 | |a The New Physics / |c Edited by Paul Davies. |
| 260 | |a Cambridge : |b Cambridge University Press, |c 1993. | ||
| 300 | |a 516 σ. ; |c 25 cm. | ||
| 504 | |a Περιέχει βιβλιογραφία. | ||
| 650 | 0 | 0 | |a Physics. |
| 700 | 1 | |a Davies, P. C. W. |e edt | |
| 852 | |a INST |b SAMOS |e 19950207 |h 530 NEW |p 005300006119 |q 005300006119 |t BK |y 0 | ||
| 909 | |a Σ |b 038672 | ||